空靈

資料類型: Book 圖書   書目號:40309

Leader xxxxxxxxxx
001 __ PCLIS00040309
005 __ 20210324101503.0
010 0_ |a957-622-105-6|b平裝
090 __ |a(nbi)b13222727
100 __ |a19940325d1993       y0chiy0109    e
101 0_ |achi
102 __ |atw
105 __ |ay   z   000yy
200 1_ |a空靈|f簡媜著
210 __ |a臺北市|c漢藝色研|d1993
215 0_ |a155面|d21公分
225 2_ |a生活詩人系列|v3
260 1_ |a1993
410 _0 |12001 |a生活詩人系列|v3
681 __ |a855|b865
700 _1 |a|b|f1961-|4801 _1 |atw|b內湖高中|c20090223
801 _2 |atw|b內湖高中|c20210324
  
詳細館藏(共 1 筆)
索 書 號登 錄 號冊次號館別 / 館藏地流通類型狀態加入預約清單電子資源
855 / 865 2016920  圖書館 / 一樓普通區 可外借30天 在館   

| 條列資料




目錄查詢 分類查詢 個人資料 圖書薦購 新書查詢 閉館日 排行榜 更多電子資源 Hami書城 線上資料庫 登出

From : 216.73.216.116

  本日流通累計至 05:34:58 借閱 : 0 次 續借 : 0 次 歸還 : 0 次 預約 : 0 次 電子資源 : 0 次


內湖高中圖書館  PCLIS 版本  25.5.0.2